00488nam a22001577a 450000500170000001000150001702000260003203500140005803700090007208200140008110000200009524500910011526000430020627000570024930000240030620250106114523.0 aENG-143185 a9789386797148c244.00 aEN-126715 bDBAD a320.95456 aGandhi, Mayank  aAAP & DOWN:bAn Insider?s Story of India?s Most Controversial Party hBy Mayank Gandhi aLondonbSimon & Schuster UL Ltd.c2018 aSimon & Schuster UK Ltd., CBS CompanybGreat Britain axii,289p.c20 cmPb)